Financial Repression is Knocking at the Door, Again /

Financial repression (legal restrictions on interest rates, credit allocation, capital movements, and other financial operations) was widely used in the past but was largely abandoned in the liberalization wave of the 1990s, as widespread support for interventionist policies gave way to a renewed co...

Description complète

Détails bibliographiques
Auteur principal: Jafarov, Etibar
Autres auteurs: Maino, Rodolfo, Pani, Marco
Format: Revue
Langue:English
Publié: Washington, D.C. : International Monetary Fund, 2019.
Collection:IMF Working Papers; Working Paper ; No. 2019/211
Accès en ligne:Full text available on IMF
LEADER 02143cas a2200265 a 4500
001 AALejournalIMF015896
008 230101c9999 xx r poo 0 0eng d
020 |c 5.00 USD 
020 |z 9781513512488 
022 |a 1018-5941 
040 |a BD-DhAAL  |c BD-DhAAL 
100 1 |a Jafarov, Etibar. 
245 1 0 |a Financial Repression is Knocking at the Door, Again /  |c Etibar Jafarov, Rodolfo Maino, Marco Pani. 
264 1 |a Washington, D.C. :  |b International Monetary Fund,  |c 2019. 
300 |a 1 online resource (66 pages) 
490 1 |a IMF Working Papers 
500 |a <strong>Off-Campus Access:</strong> No User ID or Password Required 
500 |a <strong>On-Campus Access:</strong> No User ID or Password Required 
506 |a Electronic access restricted to authorized BRAC University faculty, staff and students 
520 3 |a Financial repression (legal restrictions on interest rates, credit allocation, capital movements, and other financial operations) was widely used in the past but was largely abandoned in the liberalization wave of the 1990s, as widespread support for interventionist policies gave way to a renewed conception of government as an impartial referee. Financial repression has come back on the agenda with the surge in public debt in the wake of the Global Financial Crisis, and some countries have reintroduced administrative ceilings on interest rates. By distorting market incentives and signals, financial repression induces losses from inefficiency and rent-seeking that are not easily quantified. This study attempts to assess some of these losses by estimating the impact of financial repression on growth using an updated index of interest rate controls covering 90 countries over 45 years. The results suggest that financial repression poses a significant drag on growth, which could amount to 0.4-0.7 percentage points. 
538 |a Mode of access: Internet 
700 1 |a Maino, Rodolfo. 
700 1 |a Pani, Marco. 
830 0 |a IMF Working Papers; Working Paper ;  |v No. 2019/211 
856 4 0 |z Full text available on IMF  |u http://elibrary.imf.org/view/journals/001/2019/211/001.2019.issue-211-en.xml  |z IMF e-Library